01479nam a22003617a 4500003000500000005001700005008004100022010001000063011001100073035001100084040000900095090001000104100003700114245020300151260003600354300004300390502007900433590003700512590004100549590004100590590004100631590004200672650003700714650003700751650002400788650002100812650003600833901000700869942001000876949006900886999001700955952014500972CHAP20220817044401.0101020s2008 mx a r 00010 spa d a99480 a100452 a111138 cCHAP aTesis1 aTrujillo Flores, Gustavo911540210aCuantificación y cualificación de mastitis subclínica en un hato lechero de pardo suizo americano, con un manejo extencivo en Apango, Municipio de Cocula, Gerreroc/por Gustavo Trujillo Flores aCocula, Gro. :bEl autor,c2008 aiii, 41 h. :bilus., cuadros. gráfs. aTesis (Ing. Agr. Zootecnista) -- CSAEGRO. Centro de Estudios Profesionales aALEPHb10c20130110lUCH01h1536 aBATCH-UPDb10c20130110lUCH01h1225 aBATCH-UPDb10c20130410lUCH01h0758 aBATCH-UPDb10c20130914lUCH01h1518 aCONVERSIONb10c20130109lUCH01h135514aGanado lecheroxGuerrero.94526914aGanado lecheroxPastoreo.94528414aGanado Pardo Suizo.14aMastitis.97284714aPatología veterinaria.986194 aBK cTESIS aTesisbBCcTESd33724002109397eTS1gDonaciØnh51151i111138sb c99480d99480 00102local4051708TESISaBCbBCcPA_TESISd2019-12-31eDonacionfTESISl0oTesisp33724002109397r2019-12-31 00:00:00w2019-12-31yTESIS